000 00970cab a2200205 4500
001 ABS42418
008 090401t1990 xxu||||| |||| 00| 0 eng d
035 _a(Sirsi) u36674
041 _aeng
100 _aHealey, P.
245 _aStructure and agency in land and property development processes
260 _c1990
350 _a0
490 _aUrban Studies
_v27(1) 1990, 89-104(8)
520 _aReviews existing approaches to and research on land and property development process es. The paper proposes an approach which combines an understanding of structure and agency and focuses on the resources, rules and ideology which actors acknowledge as a way forward to a richer understanding of land and property development processes. Concludes with some key research questions which follow from this perspective. Bibliography. (Based on journal abstract)
690 _aPLANNING LAW AND PRACTICE
700 _aBarrett, S.M.
942 _n0
948 _c04/03/1997
999 _c23750
_d23750